Các phép biến hình trong mặt phẳng
Sách trình bày phép biến hình trong mặt phẳng và các vấn đề liên quan như các phép dời hình, phép đồng dạng, phép nghịch đảo, nhóm các phép biến hình và hình học của các nhóm đó
Uloženo v:
| Hlavní autor: | |
|---|---|
| Médium: | Kniha |
| Jazyk: | Undetermined |
| Vydáno: |
Hà Nội
Giáo Dục
1997
|
| Témata: | |
| Tagy: |
Přidat tag
Žádné tagy, Buďte první, kdo otaguje tento záznam!
|
| Thư viện lưu trữ: | Trung tâm Học liệu Trường Đại học Cần Thơ |
|---|
| LEADER | 00823nam a2200205Ia 4500 | ||
|---|---|---|---|
| 001 | CTU_28456 | ||
| 008 | 210402s9999 xx 000 0 und d | ||
| 020 | |b 14.600đ | ||
| 082 | |a 516 | ||
| 082 | |b H600 | ||
| 100 | |a Nguyễn Mộng Hy | ||
| 245 | 0 | |a Các phép biến hình trong mặt phẳng | |
| 245 | 0 | |c Nguyễn Mộng Hy | |
| 260 | |a Hà Nội | ||
| 260 | |b Giáo Dục | ||
| 260 | |c 1997 | ||
| 520 | |a Sách trình bày phép biến hình trong mặt phẳng và các vấn đề liên quan như các phép dời hình, phép đồng dạng, phép nghịch đảo, nhóm các phép biến hình và hình học của các nhóm đó | ||
| 650 | |a geometry, plane | ||
| 904 | |i Minh, 990128 | ||
| 980 | |a Trung tâm Học liệu Trường Đại học Cần Thơ | ||